Sports Quiz

Random Sports Quiz

The Bucks won 15 games in 2013-2014. Who did they beat? Quiz Stats

 Plays Quiz not verified by Sporcle

Challenge
Share
Tweet
Embed
Score 0/15 Timer 05:00
0 Plays Today
Answer % Correct
Philadelphia 76ers
86.9%
Detroit Pistons
86.9%
New York Knicks
86.9%
Philadelphia 76ers
86.9%
Los Angeles Lakers
85.2%
Orlando Magic
85.2%
Orlando Magic
85.2%
Los Angeles Lakers
85.2%
Answer % Correct
Boston Celtics
83.6%
Boston Celtics
83.6%
Cleveland Cavaliers
78.7%
Chicago Bulls
78.7%
Cleveland Cavaliers
78.7%
Utah Jazz
73.8%
Washington Wizards
72.1%

You're not logged in!

Compare scores with friends on all Sporcle quizzes.
Join for Free
OR
Log In

You Might Also Like...

Show Comments

Extras

Created May 13, 2014ReportNominate
Tags:2013-2014, beat, buck, won

Top Quizzes Today


Score Distribution

Your Account Isn't Verified!

In order to create a playlist on Sporcle, you need to verify the email address you used during registration. Go to your Sporcle Settings to finish the process.

Report this User

Report this user for behavior that violates our Community Guidelines.

Details: